Sprinting through no man's land endurance, tragedy and rebirth in the 1919 tour the France (Record no. 590999)

000 -LEADER
fixed length control field 00481nam a22001697a 4500
003 - CONTROL NUMBER IDENTIFIER
control field NUST
005 - DATE AND TIME OF LATEST TRANSACTION
control field 20220825105301.0
008 - FIXED-LENGTH DATA ELEMENTS--GENERAL INFORMATION
fixed length control field 220815b ||||| |||| 00| 0 eng d
020 ## - INTERNATIONAL STANDARD BOOK NUMBER
International Standard Book Number 9781542018821
038 ## - RECORD CONTENT LICENSOR
Staff Name Azhar
082 ## - DEWEY DECIMAL CLASSIFICATION NUMBER
Classification number 796.620944
Author Mark DOB
100 ## - MAIN ENTRY--PERSONAL NAME
Personal name Dobkin Adin
9 (RLIN) 97236
245 ## - TITLE STATEMENT
Title Sprinting through no man's land endurance, tragedy and rebirth in the 1919 tour the France
Statement of responsibility, etc. Adin Dobkin
260 ## - PUBLICATION, DISTRIBUTION, ETC.
Place of publication, distribution, etc. New York
Name of publisher, distributor, etc. Little A
Date of publication, distribution, etc. 2021
300 ## - PHYSICAL DESCRIPTION
Extent 295p
942 ## - ADDED ENTRY ELEMENTS (KOHA)
Source of classification or shelving scheme
Koha item type Lincoln Corner
Holdings
Withdrawn status Lost status Source of classification or shelving scheme Damaged status Not for loan Permanent Location Current Location Shelving location Date acquired Full call number Barcode Date last seen Price effective from Koha item type
          Central Library (CL) Central Library (CL) Lincoln Corner 08/15/2022 796.620944 DOB LC-101 08/15/2022 08/15/2022 Reference
© 2023 Central Library, National University of Sciences and Technology. All Rights Reserved.